<?xml version="1.0" encoding="UTF-8"?><?xml-stylesheet type="text/xsl" href="static/style.xsl"?><OAI-PMH xmlns="http://www.openarchives.org/OAI/2.0/" xmlns:xsi="http://www.w3.org/2001/XMLSchema-instance" xsi:schemaLocation="http://www.openarchives.org/OAI/2.0/ http://www.openarchives.org/OAI/2.0/OAI-PMH.xsd"><responseDate>2026-06-02T03:53:08Z</responseDate><request verb="GetRecord" identifier="oai:riuma.uma.es:10630/28588" metadataPrefix="marc">https://riuma.uma.es/rest/oai/request</request><GetRecord><record><header><identifier>oai:riuma.uma.es:10630/28588</identifier><datestamp>2026-02-03T11:09:26Z</datestamp><setSpec>com_10630_2254</setSpec><setSpec>col_10630_37953</setSpec></header><metadata><record xmlns="http://www.loc.gov/MARC21/slim" xmlns:dcterms="http://purl.org/dc/terms/" xmlns:doc="http://www.lyncode.com/xoai" xmlns:xsi="http://www.w3.org/2001/XMLSchema-instance" xsi:schemaLocation="http://www.loc.gov/MARC21/slim http://www.loc.gov/standards/marcxml/schema/MARC21slim.xsd">
   <leader>00925njm 22002777a 4500</leader>
   <datafield ind2=" " ind1=" " tag="042">
      <subfield code="a">dc</subfield>
   </datafield>
   <datafield ind2=" " ind1=" " tag="720">
      <subfield code="a">Sánchez-Frías, Alejandro</subfield>
      <subfield code="e">author</subfield>
   </datafield>
   <datafield ind2=" " ind1=" " tag="260">
      <subfield code="c">2020</subfield>
   </datafield>
   <datafield ind2=" " ind1=" " tag="520">
      <subfield code="a">El TEDH determina en la sentencia Romeo Castaño que Bélgica ha violado la vertiente procesal del art. 2 del CEDH (derecho a la vida) por no cumplir con sus obligaciones de cooperar en materia penal y, en concreto, por haber denegado la&#xd;
ejecución de una euroorden presentada por las autoridades judiciales sin justificar suficientemente un riesgo de vulneración de los derechos fundamentales de la persona requerida en caso de ser entregada a España. Junto a una revisión de los aspectos&#xd;
principales de este asunto, el presente análisis enmarca el razonamiento del TEDH en los cambios llevados a cabo recientemente por el TJUE en cuanto al principio de reconocimiento mutuo en materia penal, y finaliza concluyendo que existe un acercamiento entre los dos tribunales que puede facilitar la superación de los obstáculos para la adhesión de la UE al CEDH derivados del Dictamen 2/13.</subfield>
   </datafield>
   <datafield ind1="8" ind2=" " tag="024">
      <subfield code="a">Sánchez Frías, A. (2020). Convergencia de caminos entre el TEDH y el TJUE en cuanto al riesgo de vulneración de los derechos fundamentales como motivo de no ejecución de la euroorden. Un análisis de la sentencia del TEDH de 9 de julio de 2019, Romeo Castaño. Revista de Derecho Comunitario Europeo, 65, 167-187.</subfield>
   </datafield>
   <datafield ind1="8" ind2=" " tag="024">
      <subfield code="a">https://hdl.handle.net/10630/28588</subfield>
   </datafield>
   <datafield ind1="8" ind2=" " tag="024">
      <subfield code="a">10.18042/cepc/rdce.65.05</subfield>
   </datafield>
   <datafield tag="653" ind2=" " ind1=" ">
      <subfield code="a">Derecho penal internacional</subfield>
   </datafield>
   <datafield ind2="0" ind1="0" tag="245">
      <subfield code="a">Convergencia de caminos entre el TEDH y el TJUE en cuanto al riesgo de vulneración de los derechos fundamentales como motivo de no ejecución de la euroorden. Un análisis de la sentencia del TEDH de 9 de julio de 2019, Romeo Castaño</subfield>
   </datafield>
</record>
</metadata></record></GetRecord></OAI-PMH>